000
00299nam a2200121Ia 4500
005
20260328104338.0
008
260328s9999||||xx |||||||||||||| ||und||
100
_a
Mackay, David
245
0
_a
Viviendas plurifamiliares /
_c
David Mackay
260
_b
Gustavo Gili
650
_a
VIVIENDA
942
_c
BK
999
_c
11996
_d
11996